000 00370nam a2200133Ia 4500
008 240624s9999 xx 000 0 und d
041 _aeng
082 _a658.406 HBS
100 _aHARVARD BUSINESS SCHOOL PRESS
245 _aMAKING CHANGE STICK CASE STUDIES
260 _c2008
_aBoston
_bHarvard Business School Press
300 _a179 : p. : cm. ; 21
365 _cRS
_b30
999 _c14268
_d14268